000 01798cam a2200397 i 4500
001 13274
003 Mx-PuUPA
005 20260217141236.0
008 140415s2024 mx ad gr 000 0 spa d
020 _a9786071523716
040 _cMx-PuUPA
_aMx-PuUPA
_bspa
_dMx-PuUPA
_erda
041 1 _aspa
_heng
240 1 0 _aKatzung's Basic & Clinical Pharmacology.
_lEspañol
245 0 0 _aKatzung :
_bfarmacología básica y clínica /
_ceditado por Todd W. Vanderah ; traducción, M&N Medical Solutrad
246 3 _aFarmacología básica y clínica.
250 _aPrimera edición
264 1 _aCiudad de México, México :
_bMcGraw-Hill/Interamericana Editores,
_c©2024
300 _axiii, 1328 páginas :
_bilustraciones, gráficas, diagramas, tablas ;
_c27 cm
336 _2rdacontent
_atexto
_btxt
336 _2rdacontent
_aimagen fija
_bsti
337 _2rdamedia
_asin medio
_bn
338 _2rdacarrier
_avolumen
_bnc
650 7 _2armarc
_aFarmacología clínica
_913986
650 7 _2armarc
_aCiencias de la vida
650 7 _2armarc
_aPersonal médico
650 7 _2armarc
_aFarmacología
700 1 _aVanderah, Todd W.,
_eeditor
_917809
710 2 _aM&N Medical Solutrad,
_etraductor
765 0 _aVanderah, Todd W.
_tKatzung's Basic & Clinical Pharmacology.
_bSixteenth edition
942 _2ddc
_cLI
_h615.1
_iF2518
999 _c13274
_d13274